000 00260nam a2200109Ia 4500
008 190914s9999||||xx |||||||||||||| ||und||
100 _aJack Trout
245 0 _aBig Brands ,Big Trouble
260 _aIndia
_bEast West Books
_c2002
300 _a539
942 _cBK
999 _c8596
_d8596